00000000nam##2200000za#4500
0019.669184
003CaOODSP
00520220107104343
007ta
008150407|2007||||xxc|||||     f|0| 0 fre|d
040 |aCaOODSP|bfre
041 |aeng
041 |afre
043 |an-cn---
0861 |aHP35-5/2007
1102 |aCentre de prévention et de contrôle des maladies chroniques (Canada)
24510|aLignes directrices pour la surveillance de la performance des programmes de dépistage du cancer du sein : |brapport du Groupe de travail sur les indicateurs d'évaluation
250 |a2e éd.
260 |bAgence de santé publique du Canada. |cAoût 2007.
300 |aTexte français, iii, 32p. : |bfigure, références, tableaux ; |c28 cm.
500 |aLe n° de catalogue (HP35-5/2007F) et l'ISBN (978-0-662-09489-0) imprimés dans cette publication sont incorrects.
5203 |aLe présent document a pour objet de définir une première série de mesures de la performance pour les programmes canadiens de dépistage du cancer du sein. On s’en inspirera pour promouvoir le calcul uniforme de mesures clés de la performance dans le cadre des diverses initiatives de suivi et d’évaluation des programmes qui seront entreprises au fil du temps.
563 |aCouverture souple
590 |a07-36|b2007-09-07
69107|aCancer du sein|2gcpds
7760#|tGuidelines for monitoring breast cancer screening performance : |w(CaOODSP)9.689873
7760#|tLignes directrices pour la surveillance de la performance des programmes de dépistage du cancer du sein : |w(CaOODSP)9.634250
791 |tGuidelines for monitoring breast screening program performance : |eeng|w(CaOODSP)9.669183